Normal view
MARC view
Entry Personal Name
001 - CONTROL NUMBER
- control field: 76354
003 - CONTROL NUMBER IDENTIFIER
- control field: OSt
005 - DATE AND TIME OF LATEST TRANSACTION
- control field: 20190820124725.0
008 - FIXED-LENGTH DATA ELEMENTS
- fixed length control field: 190820|| aca||aabn | a|a d
040 ## - CATALOGING SOURCE
- Original cataloging agency: OSt
- Transcribing agency: OSt
100 ## - HEADING--PERSONAL NAME
- Personal name: सन्तोष चौबे
670 ## - SOURCE DATA FOUND
- Source citation: Work cat.: (OSt): सन्तोष चौबे , बीच प्रेम में गॉंधी , 2017









